|
|
|
|
| LEADER |
00675nam a22001817a 4500 |
| 082 |
|
|
|a 920
|b ANI/A
|
| 100 |
|
|
|a അനില്കുമാര് എ വി
|9 112138
|
| 100 |
|
|
|a Anilkumar A V
|9 112139
|
| 240 |
|
|
|a Adimayude Jeevitham
|
| 245 |
|
|
|a അടിമയുടെ ജീവിതം
|
| 250 |
|
|
|a 1st
|
| 260 |
|
|
|a Kozhikode;
|b Mathrubhoomi;
|c 2004
|
| 300 |
|
|
|a 87p.
|
| 650 |
|
|
|a മലയാളം; ആത്മകഥ
|9 112140
|
| 650 |
|
|
|a Malayalam; Autobiography
|9 112141
|
| 942 |
|
|
|c BK
|
| 999 |
|
|
|c 55438
|d 55438
|
| 952 |
|
|
|0 0
|1 0
|4 0
|6 920_000000000000000_ANI_A
|7 0
|8 BIO
|9 66163
|a MAL
|b MAL
|d 2016-06-24
|e 050748
|g 50.00
|l 0
|o 920 ANI/A
|p MAL050748
|r 2016-06-24
|t 1
|w 2016-06-24
|y BK
|